Game of Thrones Sigils Quiz Stats

 Plays Quiz Updated Dec 28, 2018

Support Sporcle.
Go Orange.
Score 0/20 Timer 05:00
2 Plays Today
% Correct
Stark
98.1%
Lannister
96.2%
Baratheon
94.1%
Greyjoy
92.6%
Tully
89%
Bolton
87.7%
Tyrell
86.6%
Targaryen
85.1%
Frey
84.5%
Martell
82.3%
% Correct
Mormont
79%
Arryn
78.9%
Seaworth
65.1%
Baelish
58.9%
Clegane
57.3%
Karstark
50.3%
Umber
46.3%
Reed
35.1%
Redwyne
33.5%
Florent
22.8%

From the Vault

Multi-Category Threesomes III

by strokes_static

If only every group of three could be as excellent as three kittens.
Remove Ads.
Support Sporcle.
Get the best of Sporcle when you Go Orange. This ad-free experience offers more features, more stats, and more fun while also helping to support Sporcle. Thank you for becoming a member.

Show Comments

Extras

Top Quizzes Today


Score Distribution

Your Account Isn't Verified!

In order to create a playlist on Sporcle, you need to verify the email address you used during registration. Go to your Sporcle Settings to finish the process.

Report this User

Report this user for behavior that violates our Community Guidelines.

Details: